000 00769nam a2200241Ia 4500
003 GCL
008 140319s9999 xx 000 0 ara d
040 _aGCL /
_cGCL
082 0 4 _a189.1
_bع م
100 1 _aمحمد عاطف العراقى
245 1 0 _aالميتافيزيقا فى فلسفة ابن طفيل /
_cمحمد عاطف العراقى
260 _a[S.N] :
_bدار المعارف ،
_c1992
300 _a222
490 _a
650 0 4 _aالفلسفة الاسلامية
650 0 4 _aالفلسفة
650 0 4 _aالفلاسفة المسلمون
650 0 4 _aالفلاسفة العرب
650 0 4 _aالنقدية ( فلسفة )
650 0 4 _aابن الطفيل
650 0 4 _aما وراء الطبيعة, علم
942 _2ddc
_cBK
999 _c27529
_d27529